| 000 | 00710cam a22002291 4500 | ||
|---|---|---|---|
| 001 | he 68004302 | ||
| 003 | DLC | ||
| 005 | 20260227111508.0 | ||
| 008 | 721114s1965 xx 000 0 eng | ||
| 010 | _ahe 68004302 | ||
| 035 | _a(OCoLC)494099 | ||
| 040 |
_aDLC _cOCH _dDLC |
||
| 042 | _apremarc | ||
| 050 | 0 | 0 |
_aDS110.M5 _bL52 |
| 100 | 1 | _aLivneh, Mikhah. | |
| 245 | 1 | 0 |
_aMasada, _bby Micha Livneh and Zeʻev Meshel. Preface: Yigael Yadin. |
| 260 |
_a[Tel Aviv, _bNational Parks Authority, _c1965] |
||
| 300 |
_a[33] p. (incl. cover) _billus., facsim., col. maps (1 fold.), col. plans. _c12 x 17 cm. |
||
| 500 | _aCover title. | ||
| 651 | 0 | _aMasada Site (Israel) | |
| 700 | 1 |
_aMeshel, Zeev, _ejoint author. |
|
| 999 |
_c34067 _d34067 |
||